00598 2200229 4500001002100000005001700021008004100038035002400079082001000103090001700113100002200130245005700152250001200209260003000221300001900251500002700270650002700297850001000324980001300334985000600347999001500353YOGYA-0209000001759620090227022758.0 ind  0010-020900000017596 a640.7 a640.7bHat P aHATMANTO, Sunarti aPendidikan kesejahteraan keluargacSoenarti Hatmanto aCet. 19 aSurabayabBina Ilmuc1983 a120 hlmc21 cm aBibliografi : hlm. 120 aKesejahteraan keluarga aBPADB a02-02-06 a1 a93P0041881